Majmuah e wazaif (Record no. 606812)
[ view plain ]
| 000 -LEADER | |
|---|---|
| fixed length control field | 00277nam a22001337a 4500 |
| 082 ## - DEWEY DECIMAL CLASSIFICATION NUMBER | |
| Classification number | 297.1229 |
| Author Mark | MAJ |
| 245 ## - TITLE STATEMENT | |
| Title | Majmuah e wazaif |
| 300 ## - PHYSICAL DESCRIPTION | |
| Extent | 357p |
| 563 ## - BINDING INFORMATION | |
| Binding note | PB |
| 650 ## - SUBJECT ADDED ENTRY--TOPICAL TERM | |
| Topical term or geographic name entry element | prayer books |
| 650 ## - SUBJECT ADDED ENTRY--TOPICAL TERM | |
| Topical term or geographic name entry element | Islam |
| 650 ## - SUBJECT ADDED ENTRY--TOPICAL TERM | |
| Topical term or geographic name entry element | Worship |
| 942 ## - ADDED ENTRY ELEMENTS (KOHA) | |
| Source of classification or shelving scheme | |
| Koha item type | Book |
| 650 ## - SUBJECT ADDED ENTRY--TOPICAL TERM | |
| -- | 119632 |
| 650 ## - SUBJECT ADDED ENTRY--TOPICAL TERM | |
| -- | 119633 |
| Withdrawn status | Lost status | Source of classification or shelving scheme | Materials specified (bound volume or other part) | Damaged status | Not for loan | Permanent Location | Current Location | Date acquired | Source of acquisition | Total Checkouts | Full call number | Barcode | Date last seen | Price effective from | Koha item type |
|---|---|---|---|---|---|---|---|---|---|---|---|---|---|---|---|
| Donated by Rector Sectt NUST Islamabad | Central Library (CL) | Central Library (CL) | 11/22/2023 | Donation | 297.1229 MAJ | CL-D-2538 | 11/22/2023 | 11/22/2023 | Book |
